Quality engineering through material failure analysis (Record no. 35868)
[ view plain ]
| 000 -LEADER | |
|---|---|
| fixed length control field | 00295nam a2200121 4500 |
| 003 - CONTROL NUMBER IDENTIFIER | |
| control field | OSt |
| 005 - DATE AND TIME OF LATEST TRANSACTION | |
| control field | 20230704113644.0 |
| 008 - FIXED-LENGTH DATA ELEMENTS--GENERAL INFORMATION | |
| fixed length control field | 230704b |||||||| |||| 00| 0 eng d |
| 040 ## - CATALOGING SOURCE | |
| Transcribing agency | SIMED |
| 245 ## - TITLE STATEMENT | |
| Title | Quality engineering through material failure analysis |
| 260 ## - PUBLICATION, DISTRIBUTION, ETC. | |
| Place of publication, distribution, etc. | mumbai |
| 942 ## - ADDED ENTRY ELEMENTS (KOHA) | |
| Source of classification or shelving scheme | Dewey Decimal Classification |
| Suppress in OPAC | No |
| Koha item type | BOOK |
| Withdrawn status | Lost status | Source of classification or shelving scheme | Damaged status | Not for loan | Collection | Home library | Current library | Date acquired | Cost, normal purchase price | Total Checkouts | Barcode | Date last seen | Date last checked out | Price effective from | Koha item type |
|---|---|---|---|---|---|---|---|---|---|---|---|---|---|---|---|
| Dewey Decimal Classification | CRC | Fr. Agnel's C.Rodrigues- College of Engineering | Fr. Agnel's C.Rodrigues- College of Engineering | 04/07/2023 | 300.00 | 1 | 26137 | 13/07/2023 | 13/07/2023 | 04/07/2023 | BOOK |